00986nam a22002057a 450000500170000000800410001704000090005804100080006708200210007510000150009624500370011126000480014830000240019636500120022052004760023265000190070865000120072770000200073970000210075920220711165137.0220711b ||||| |||| 00| 0 eng d cAloy aeng 223a954.92bMUHB aM Muhaddes aBangladesh:bThe mosaic in green aBangladesh:bMinistry of Information,c1995 a159p.bHBc24x27cm. 2History aThis beautifully presented book is a pictographic representation of Bangladesh, its valiant people with a sense of history and faith in destiny, its rich and varied flora and fauna, verdant fields, meandering rivers, the vast blue expanse of the Bay of Bengal with its immense resources, enchanting hills, bright economic potential, ancient and variegated religious and cultural traditions - which together make it a colourful tapestry of nature's splendour and bounties. aIndian History aHistory aMUHADDES (M) Ed aMAMOON (Mansoor)